[Event "Moravia-Silesia Region-chT 2223"]
[Site "Czech Republic"]
[Date "2023.02.26"]
[Round "9"]
[White "Kocur, Valter"]
[Black "Keprt, Pavel"]
[Result "1/2-1/2"]
[WhiteElo "1867"]
[BlackElo "1917"]
[PlyCount "45"]
[EventDate "2022.10.09"]
[EventType "team-tourn"]
[EventRounds "11"]
[EventCountry "CZE"]
[SourceTitle "EXT 2024"]
[Source "ChessBase"]
[SourceDate "2023.10.10"]
[SourceVersion "1"]
[SourceVersionDate "2023.10.10"]
[SourceQuality "1"]
[WhiteTeam "Dolni Benesov II"]
[BlackTeam "Havirov Banik"]
[WhiteTeamCountry "CZE"]
[BlackTeamCountry "CZE"]

1. c4 e5 2. Nc3 f5 3. e4 Nf6 4. exf5 Bc5 5. Bd3 0-0 6. Ne4 d6 7. f3 Bxg1 8. Rxg1 Nc6 9. g4 Nd4 10. b3 Nxe4 11. Bxe4 c6 12. Bb2 d5 13. cxd5 cxd5 14. Bxd4 exd4 15. Bd3 Qh4+ 16. Kf1 Bd7 17. Rg2 Rae8 18. Re2 Qh3+ 19. Kg1 h5 20. Rxe8 Rxe8 21. Qf1 hxg4 22. Qxh3 gxh3 23. Kf2 1/2-1/2

[Event "Moravia-Silesia Region-chT 2223"]
[Site "Czech Republic"]
[Date "2023.01.29"]
[Round "7"]
[White "Sramek, Tomas"]
[Black "Kocur, Valter"]
[Result "1/2-1/2"]
[WhiteElo "1947"]
[BlackElo "1867"]
[PlyCount "78"]
[EventDate "2022.10.09"]
[EventType "team-tourn"]
[EventRounds "11"]
[EventCountry "CZE"]
[SourceTitle "EXT 2024"]
[Source "ChessBase"]
[SourceDate "2023.10.10"]
[SourceVersion "1"]
[SourceVersionDate "2023.10.10"]
[SourceQuality "1"]
[WhiteTeam "Orlova Slavia III"]
[BlackTeam "Dolni Benesov II"]
[WhiteTeamCountry "CZE"]
[BlackTeamCountry "CZE"]

1. e4 c5 2. c3 d5 3. exd5 Qxd5 4. d4 Nf6 5. Nf3 g6 6. c4 Qe4+ 7. Be2 cxd4 8. Qxd4 Nc6 9. Qe3 Bg7 10. Nc3 Qxe3 11. Bxe3 0-0 12. h3 Nb4 13. 0-0-0 b6 14. a3 Nc6 15. Rd2 Bb7 16. b4 Rfd8 17. Rhd1 Rxd2 18. Rxd2 Kf8 19. Kc2 Ke8 20. Kb3 Rd8 21. Rxd8+ Nxd8 22. c5 bxc5 23. Bxc5 a6 24. a4 Ne6 25. Be3 Nc7 26. Ne1 Nfd5 27. Nxd5 Bxd5+ 28. Bc4 e6 29. Bc5 Kd7 30. Bxd5 exd5 31. Nd3 Ne6 32. Ba7 Kc6 33. Be3 f5 34. g3 g5 35. b5+ axb5 36. Nb4+ Kd6 37. axb5 f4 38. Ba7 fxg3 39. fxg3 Nc5+ 1/2-1/2

[Event "Moravia-Silesia Region-chT 2223"]
[Site "Czech Republic"]
[Date "2022.11.13"]
[Round "3"]
[White "Trojan, Matyas"]
[Black "Kocur, Valter"]
[Result "1/2-1/2"]
[WhiteElo "1852"]
[BlackElo "1867"]
[PlyCount "76"]
[EventDate "2022.10.09"]
[EventType "team-tourn"]
[EventRounds "11"]
[EventCountry "CZE"]
[SourceTitle "EXT 2024"]
[Source "ChessBase"]
[SourceDate "2023.10.10"]
[SourceVersion "1"]
[SourceVersionDate "2023.10.10"]
[SourceQuality "1"]
[WhiteTeam "Frydek Mistek IV"]
[BlackTeam "Dolni Benesov II"]
[WhiteTeamCountry "CZE"]
[BlackTeamCountry "CZE"]

1. e4 c5 2. Nf3 e6 3. d4 cxd4 4. Nxd4 a6 5. Nc3 Qc7 6. Be3 Nf6 7. Qd2 Bb4 8. f3 d5 9. Bd3 e5 10. exd5 Bxc3 11. bxc3 exd4 12. Bxd4 0-0 13. Bxf6 gxf6 14. Qh6 Qxc3+ 15. Kf2 Qd4+ 16. Kg3 f5 17. Rhe1 Qg7+ 18. Qxg7+ Kxg7 19. Kf4 Nd7 20. c4 Nc5 21. Bxf5 Bxf5 22. Kxf5 Rfe8 23. d6 Rxe1 24. Rxe1 Rd8 25. Rd1 f6 26. Rd5 b6 27. h4 Kf7 28. h5 Rd7 29. g4 Nb7 30. g5 Nxd6+ 31. Kg4 f5+ 32. Kf4 Rd8 33. c5 bxc5 34. Rxc5 Ke6 35. Ra5 Ra8 36. Re5+ Kf7 37. Rd5 Ke6 38. Re5+ Kf7 1/2-1/2

[Event "CZE-chT2F 1718"]
[Site "Czech Republic"]
[Date "2018.04.08"]
[Round "11.6"]
[White "Svancara, Petr"]
[Black "Kocur, Valter"]
[Result "1-0"]
[WhiteElo "2086"]
[BlackElo "1988"]
[PlyCount "63"]
[EventDate "2017.10.15"]
[EventType "team-tourn"]
[EventRounds "11"]
[EventCountry "CZE"]
[SourceTitle "EXT 2022"]
[Source "ChessBase"]
[SourceDate "2021.10.06"]
[SourceVersion "1"]
[SourceVersionDate "2021.10.06"]
[SourceQuality "1"]
[WhiteTeam "Olomouc ASK"]
[BlackTeam "Benesov Dolni"]
[WhiteTeamCountry "CZE"]
[BlackTeamCountry "CZE"]

1. d4 Nf6 2. Nf3 d5 3. c4 g6 4. Nc3 Bg7 5. cxd5 Nxd5 6. Bd2 0-0 7. e3 c5 8. dxc5 Nxc3 9. Bxc3 Bxc3+ 10. bxc3 Qa5 11. Qb3 Qxc5 12. Be2 Be6 13. Qb4 Rc8 14. 0-0 Qxb4 15. cxb4 Nc6 16. a3 a5 17. b5 Nd8 18. Rfd1 f6 19. Rac1 Kf8 20. Nd4 Bf7 21. f4 Ke8 22. b6 Rxc1 23. Rxc1 Bd5 24. Rc7 Bc6 25. Bc4 Rb8 26. g4 Bd7 27. g5 Rc8 28. Bb5 Bxb5 29. Rxc8 Bd7 30. Rc7 fxg5 31. fxg5 e5 32. Nb3 1-0

[Event "CZE-chT2F 1718"]
[Site "Czech Republic"]
[Date "2018.01.14"]
[Round "6.6"]
[White "Kocur, Valter"]
[Black "Podlesny, Pavel"]
[Result "0-1"]
[WhiteElo "1988"]
[BlackElo "2112"]
[PlyCount "62"]
[EventDate "2017.10.15"]
[EventType "team-tourn"]
[EventRounds "11"]
[EventCountry "CZE"]
[SourceTitle "EXT 2022"]
[Source "ChessBase"]
[SourceDate "2021.10.06"]
[SourceVersion "1"]
[SourceVersionDate "2021.10.06"]
[SourceQuality "1"]
[WhiteTeam "Benesov Dolni"]
[BlackTeam "Havirov Banik"]
[WhiteTeamCountry "CZE"]
[BlackTeamCountry "CZE"]

1. c4 e5 2. Nc3 c5 3. e4 Nc6 4. g3 d6 5. Bg2 Nf6 6. d3 Bg4 7. f3 Bd7 8. Nh3 Be7 9. 0-0 h5 10. Nf2 h4 11. g4 Nh7 12. f4 Nd4 13. Ne2 h3 14. Bxh3 Nf3+ 15. Kg2 Nh4+ 16. Kh1 Nf8 17. Ng1 Ne6 18. f5 Nd4 19. Bg2 Bg5 20. Bxg5 Qxg5 21. Qc1 Qe7 22. Nd1 0-0-0 23. Rf2 Bc6 24. Qe3 f6 25. Qg3 Rh6 26. Nf3 Ndxf3 27. Bxf3 Rdh8 28. Ne3 Qf8 29. h3 g6 30. fxg6 Nxg6 31. Nf5 Rxh3+ 0-1

[Event "CZE-chT2F 1718"]
[Site "Czech Republic"]
[Date "2017.10.15"]
[Round "1.6"]
[White "Kocur, Valter"]
[Black "Kohut, Anna"]
[Result "1/2-1/2"]
[WhiteElo "1988"]
[BlackElo "2010"]
[PlyCount "101"]
[EventDate "2017.10.15"]
[EventType "team-tourn"]
[EventRounds "11"]
[EventCountry "CZE"]
[SourceTitle "EXT 2022"]
[Source "ChessBase"]
[SourceDate "2021.10.06"]
[SourceVersion "1"]
[SourceVersionDate "2021.10.06"]
[SourceQuality "1"]
[WhiteTeam "Benesov Dolni"]
[BlackTeam "Karvina"]
[WhiteTeamCountry "CZE"]
[BlackTeamCountry "CZE"]

1. c4 e5 2. Nc3 Nc6 3. g3 Nf6 4. Bg2 Bb4 5. Nd5 Nxd5 6. cxd5 Ne7 7. a3 Bc5 8. b4 Bd4 9. Ra2 d6 10. e3 Bb6 11. Ne2 0-0 12. 0-0 Bf5 13. d4 Qd7 14. Rd2 e4 15. Nc3 Bg4 16. Qc2 f5 17. Bb2 Qe8 18. f4 Qf7 19. h3 Bh5 20. g4 fxg4 21. hxg4 Bxg4 22. Bxe4 Nf5 23. Rh2 h5 24. Bc1 Rae8 25. Qf2 Re7 26. Re1 Rfe8 27. Bxf5 Bxf5 28. Bd2 c6 29. dxc6 bxc6 30. Ne2 d5 31. Ng3 Bg4 32. Rc1 Re6 33. f5 Rf6 34. Rf1 Bc7 35. e4 dxe4 36. Bf4 e3 37. Bxe3 Bxg3 38. Qxg3 Rxf5 39. Rhf2 Rxf2 40. Qxf2 Qg6 41. Kh2 Kh7 42. Qd2 Qe4 43. Re1 Rf8 44. Bg5 Qf3 45. Qe3 Qf7 46. Be7 Re8 47. Kg3 Qg6 48. Kh4 Qf7 49. Kg3 Qg6 50. Kh4 Qf7 51. Kg3 1/2-1/2

[Event "CZE-chT2F 1617"]
[Site "Czech Republic"]
[Date "2017.02.26"]
[Round "9.7"]
[White "Beran, Petr"]
[Black "Kocur, Valter"]
[Result "1/2-1/2"]
[WhiteElo "2041"]
[BlackElo "2060"]
[PlyCount "23"]
[EventDate "2016.10.09"]
[EventType "team-tourn"]
[EventRounds "11"]
[EventCountry "CZE"]
[SourceTitle "EXT 2022"]
[Source "ChessBase"]
[SourceDate "2021.10.06"]
[SourceVersion "1"]
[SourceVersionDate "2021.10.06"]
[SourceQuality "1"]
[WhiteTeam "Havirov Slovan"]
[BlackTeam "Benesov Dolni"]
[WhiteTeamCountry "CZE"]
[BlackTeamCountry "CZE"]

1. Nf3 c5 2. c4 Nf6 3. Nc3 Nc6 4. g3 e6 5. Bg2 Be7 6. 0-0 0-0 7. d4 d5 8. cxd5 exd5 9. a3 b6 10. Bg5 Be6 11. Qa4 Rc8 12. Rfd1 1/2-1/2

[Event "CZE-chT2F 1516"]
[Site "Czech Republic"]
[Date "2016.01.10"]
[Round "5.8"]
[White "Kocur, Valter"]
[Black "Krejca, Jakub"]
[Result "0-1"]
[WhiteElo "2032"]
[BlackElo "2055"]
[PlyCount "132"]
[EventDate "2015.10.18"]
[EventType "team-tourn"]
[EventRounds "11"]
[EventCountry "CZE"]
[SourceTitle "EXT 2022"]
[Source "ChessBase"]
[SourceDate "2021.10.06"]
[SourceVersion "1"]
[SourceVersionDate "2021.10.06"]
[SourceQuality "1"]
[WhiteTeam "Benesov Dolni"]
[BlackTeam "Hostalkova"]
[WhiteTeamCountry "CZE"]
[BlackTeamCountry "CZE"]

1. c4 e6 2. Nc3 d5 3. d4 Nf6 4. Bg5 Nbd7 5. e3 Be7 6. Nf3 0-0 7. Bd3 dxc4 8. Bxc4 c5 9. 0-0 b6 10. Rc1 Bb7 11. Qe2 Rc8 12. Rfd1 Bxf3 13. gxf3 Nd5 14. Bxe7 Qxe7 15. Bxd5 exd5 16. dxc5 Rxc5 17. Rd4 Qg5+ 18. Kh1 Nf6 19. Rg1 Qh5 20. Qd1 Re8 21. f4 Qh4 22. Qf3 h5 23. Qg3 Qxg3 24. hxg3 Ne4 25. Nxe4 Rxe4 26. Rd2 Rec4 27. Rgd1 g6 28. Kg2 Ra5 29. a3 Rb5 30. Kf3 Rb3 31. g4 hxg4+ 32. Kxg4 Kg7 33. Kf3 Rc5 34. f5 gxf5 35. Rxd5 Rxd5 36. Rxd5 Rxb2 37. a4 Ra2 38. Rd4 Kf6 39. Kg3 Ke5 40. Rb4 Ke6 41. f3 Ra3 42. Kf4 Ra1 43. Kg3 Ra2 44. Kf4 Ra3 45. Rc4 Rb3 46. Rc6+ Kd7 47. Rf6 Ke7 48. Rc6 Kd7 49. Rf6 Ke8 50. Rxf5 Rb4+ 51. e4 Rxa4 52. Rh5 Ra3 53. Rh8+ Ke7 54. Rb8 Ra5 55. e5 f6 56. exf6+ Kxf6 57. Ke4 Rb5 58. Re8 a5 59. Kd4 a4 60. Re3 Rb4+ 61. Kd5 Rb3 62. Re6+ Kf7 63. Rh6 b5 64. Kc5 a3 65. Ra6 b4 66. Kc4 Rb2 0-1

[Event "Ostrava Konik op"]
[Site "Ostrava"]
[Date "2014.04.28"]
[Round "3"]
[White "Kocur, Valter"]
[Black "Bergloviec, Jan"]
[Result "1-0"]
[WhiteElo "2061"]
[BlackElo "1869"]
[PlyCount "109"]
[EventDate "2014.04.26"]
[EventType "swiss"]
[EventRounds "9"]
[EventCountry "CZE"]
[SourceTitle "CBM 160 Extra"]
[Source "ChessBase"]
[SourceDate "2014.07.01"]
[SourceVersion "1"]
[SourceVersionDate "2014.07.01"]
[SourceQuality "1"]

1. c4 Nf6 2. Nc3 d5 3. d4 c6 4. Nf3 a6 5. e3 Nbd7 6. a4 e6 7. Be2 Bd6 8. 0-0 0-0 9. b3 e5 10. dxe5 Nxe5 11. cxd5 Nxf3+ 12. Bxf3 Be5 13. Bb2 Bxc3 14. Bxc3 Nxd5 15. Bd4 Re8 16. Ra2 Be6 17. Rd2 Qe7 18. Qa1 f6 19. Rc1 Qf7 20. a5 Rad8 21. Rcd1 Nc7 22. b4 Bb3 23. Rb1 Nb5 24. Qb2 Nxd4 25. Rxd4 Be6 26. Rbd1 Qe7 27. Qd2 Rxd4 28. Qxd4 Kf7 29. Kf1 Rc8 30. Qc5 g6 31. Rd4 Rc7 32. Ke2 Rd7 33. Qxe7+ Kxe7 34. Rxd7+ Kxd7 35. Kd3 Kd6 36. Kd4 h6 37. h4 g5 38. hxg5 hxg5 39. Bd1 Bd5 40. g3 Be6 41. f4 gxf4 42. gxf4 f5 43. Bc2 Bc8 44. e4 fxe4 45. Bxe4 Be6 46. Bg6 Kc7 47. Kc5 Kd7 48. f5 Bd5 49. f6 Ke6 50. f7 Ke7 51. Kb6 c5 52. Kxc5 Bc6 53. Kb6 Bf3 54. Bf5 Kxf7 55. Bc8 1-0

[Event "Ostrava Konik op"]
[Site "Ostrava"]
[Date "2014.04.26"]
[Round "1"]
[White "Kocur, Valter"]
[Black "Veselsky, Jan"]
[Result "1/2-1/2"]
[WhiteElo "2061"]
[BlackElo "1655"]
[PlyCount "95"]
[EventDate "2014.04.26"]
[EventType "swiss"]
[EventRounds "9"]
[EventCountry "CZE"]
[SourceTitle "CBM 160 Extra"]
[Source "ChessBase"]
[SourceDate "2014.07.01"]
[SourceVersion "1"]
[SourceVersionDate "2014.07.01"]
[SourceQuality "1"]

1. c4 Nf6 2. Nc3 g6 3. d4 d5 4. Bf4 Bg7 5. e3 0-0 6. Nf3 c5 7. dxc5 Ne4 8. Nxe4 dxe4 9. Qxd8 Rxd8 10. Ng5 Bxb2 11. Rd1 Bc3+ 12. Ke2 Rxd1 13. Kxd1 Bf5 14. Bxb8 Rxb8 15. Kc2 Bb4 16. Be2 h6 17. Nh3 Rd8 18. Rd1 Rxd1 19. Bxd1 Bxh3 20. gxh3 Bxc5 21. Kd2 Bd6 22. f4 exf3 23. Bxf3 b6 24. Bc6 Kg7 25. Kd3 Kf6 26. Ke4 e6 27. Kf3 Bxh2 28. Bb5 Bd6 29. Bc6 g5 30. Bb5 Ke5 31. Be8 f5 32. Bg6 Kf6 33. Be8 Bc5 34. e4 Ke5 35. exf5 exf5 36. Bg6 Kf6 37. Be8 Ke5 38. Bg6 Kd4 39. Bxf5 Kxc4 40. Kg4 a5 41. Kh5 Bf8 42. h4 b5 43. hxg5 hxg5 44. Kxg5 Kc3 45. Kf4 Kb2 46. Be6 b4 47. Ke3 a4 48. Kd3 1/2-1/2

[Event "IPCA Wch-A 13th"]
[Site "Velke Losiny"]
[Date "2013.06.18"]
[Round "1"]
[White "Kurochkina, Elena"]
[Black "Kocur, Valter"]
[Result "1/2-1/2"]
[WhiteElo "1800"]
[BlackElo "2082"]
[PlyCount "48"]
[EventDate "2013.06.18"]
[EventType "swiss"]
[EventRounds "9"]
[EventCountry "CZE"]
[SourceTitle "CBM 155 Extra"]
[Source "ChessBase"]
[SourceDate "2013.08.26"]
[SourceVersion "1"]
[SourceVersionDate "2013.08.26"]
[SourceQuality "1"]

1. d4 Nf6 2. c4 g6 3. Nc3 d5 4. Nf3 Bg7 5. Bf4 0-0 6. e3 c6 7. Bd3 Bg4 8. h3 Bxf3 9. Qxf3 e6 10. 0-0 Nbd7 11. cxd5 exd5 12. Rac1 Qe7 13. Rfe1 Rfe8 14. e4 dxe4 15. Nxe4 Nxe4 16. Rxe4 Qf6 17. Rce1 Rxe4 18. Rxe4 g5 19. Qg4 gxf4 20. Qxd7 Rd8 21. Re8+ Rxe8 22. Qxe8+ Bf8 23. Bxh7+ Kg7 24. Qe4 Bd6 1/2-1/2

[Event "CZE-chT2F 1011"]
[Site "Czech Republic"]
[Date "2011.01.09"]
[Round "5.3"]
[White "Kocur, Valter"]
[Black "Sohr, Vladimir"]
[Result "1-0"]
[WhiteElo "2133"]
[BlackElo "2120"]
[PlyCount "99"]
[EventDate "2010.10.17"]
[EventType "team-tourn"]
[EventRounds "11"]
[EventCountry "CZE"]
[SourceTitle "EXT 2012"]
[Source "ChessBase"]
[SourceDate "2011.11.24"]
[SourceVersion "1"]
[SourceVersionDate "2011.11.24"]
[SourceQuality "1"]
[WhiteTeam "Benesov"]
[BlackTeam "Sumperk"]
[WhiteTeamCountry "CZE"]
[BlackTeamCountry "CZE"]

1. c4 Nf6 2. Nc3 e5 3. g3 Bc5 4. Bg2 c6 5. Nf3 e4 6. Ng5 d5 7. d4 Bb4 8. 0-0 h6 9. Nh3 Bxc3 10. bxc3 0-0 11. cxd5 cxd5 12. Nf4 Nc6 13. f3 Re8 14. fxe4 Nxe4 15. Qb3 Be6 16. Bxe4 dxe4 17. Nxe6 Rxe6 18. Qxb7 Qe8 19. d5 Na5 20. Qb4 Ra6 21. Bf4 Rc8 22. Rad1 Rc4 23. Qb8 Rc8 24. Qb1 Rb6 25. Qc1 Nc4 26. Rd4 g5 27. d6 Rc5 28. Rxc4 Rxc4 29. Bxg5 Rxd6 30. Bxh6 Qb5 31. Be3 Qc6 32. Bxa7 Qd5 33. Bd4 Rc8 34. Qf4 Rg6 35. Qh4 f6 36. Bxf6 Kf8 37. Bd4+ Ke8 38. Qh8+ Rg8 39. Qe5+ Qxe5 40. Bxe5 Ra8 41. Rf4 Kd7 42. Bd4 Rge8 43. Kf2 Rxa2 44. Ke3 Kd6 45. h4 Kd5 46. h5 Rc2 47. h6 Rc8 48. Rf5+ Ke6 49. Re5+ Kd6 50. Rxe4 1-0

[Event "CZE-chT2F 1011"]
[Site "Czech Republic"]
[Date "2010.11.07"]
[Round "2.3"]
[White "Kocur, Valter"]
[Black "Hrabal, Michal"]
[Result "1/2-1/2"]
[WhiteElo "2133"]
[BlackElo "1972"]
[PlyCount "89"]
[EventDate "2010.10.17"]
[EventType "team-tourn"]
[EventRounds "11"]
[EventCountry "CZE"]
[SourceTitle "EXT 2012"]
[Source "ChessBase"]
[SourceDate "2011.11.24"]
[SourceVersion "1"]
[SourceVersionDate "2011.11.24"]
[SourceQuality "1"]
[WhiteTeam "Benesov"]
[BlackTeam "Unicov"]
[WhiteTeamCountry "CZE"]
[BlackTeamCountry "CZE"]

1. c4 Nf6 2. Nc3 g6 3. g3 Bg7 4. Nf3 0-0 5. Bg2 d6 6. d4 Nbd7 7. 0-0 e5 8. d5 a5 9. e4 Nc5 10. Ne1 Ne8 11. Be3 f5 12. Bxc5 dxc5 13. Nd3 Nd6 14. Nxc5 Nxc4 15. exf5 gxf5 16. b3 Nd6 17. Rc1 Qf6 18. Re1 f4 19. N5e4 Qg6 20. f3 fxg3 21. hxg3 Nf5 22. Qe2 Nxg3 23. Nxg3 Qxg3 24. Qf2 Qxf2+ 25. Kxf2 Bf5 26. Nb5 c6 27. dxc6 bxc6 28. Nd6 Rad8 29. Rxc6 Bg6 30. Nc4 e4 31. Kg3 exf3 32. Bxf3 Rd3 33. Re3 Rxe3 34. Nxe3 Rd8 35. Bd5+ Kf8 36. Kf3 Bh6 37. Bc4 Re8 38. Re6 Rxe6 39. Bxe6 Bb1 40. Nc4 Bxa2 41. Nxa5 Ke7 42. Bf5 Bd2 43. Nc4 Bc3 44. Bc2 Ke6 45. Bxh7 1/2-1/2

[Event "CZE-ch"]
[Site "Ostrava"]
[Date "2010.05.09"]
[Round "8"]
[White "Bures, Martin R"]
[Black "Kocur, Valter"]
[Result "1-0"]
[WhiteElo "2131"]
[BlackElo "2139"]
[PlyCount "41"]
[EventDate "2010.05.01"]
[EventType "swiss"]
[EventRounds "9"]
[EventCountry "CZE"]
[SourceTitle "CBM 136 Extra"]
[Source "ChessBase"]
[SourceDate "2010.07.02"]
[SourceVersion "2"]
[SourceVersionDate "2010.07.15"]
[SourceQuality "1"]

1. d4 Nf6 2. c4 g6 3. Nc3 d5 4. cxd5 Nxd5 5. e4 Nxc3 6. bxc3 Bg7 7. Bc4 c5 8. Ne2 0-0 9. 0-0 Nc6 10. Be3 Qc7 11. Rc1 Rd8 12. Qa4 Bd7 13. Qa3 Na5 14. Bd5 Rdc8 15. Rb1 cxd4 16. cxd4 Nc6 17. Bf4 e5 18. dxe5 Bxe5 19. Bxe5 Qxe5 20. Rxb7 Rc7 21. f4 1-0

[Event "CZE-ch"]
[Site "Ostrava"]
[Date "2010.05.06"]
[Round "6"]
[White "Kocur, Valter"]
[Black "Mrva, Marek"]
[Result "1/2-1/2"]
[WhiteElo "2139"]
[BlackElo "2248"]
[PlyCount "123"]
[EventDate "2010.05.01"]
[EventType "swiss"]
[EventRounds "9"]
[EventCountry "CZE"]
[SourceTitle "CBM 136 Extra"]
[Source "ChessBase"]
[SourceDate "2010.07.02"]
[SourceVersion "2"]
[SourceVersionDate "2010.07.15"]
[SourceQuality "1"]

1. c4 e5 2. g3 Nc6 3. Bg2 f5 4. d3 Bb4+ 5. Bd2 Bxd2+ 6. Qxd2 d6 7. e3 Nf6 8. Nc3 0-0 9. Nge2 Kh8 10. 0-0 Qe8 11. Nd5 Qf7 12. Nec3 Nd8 13. Nxf6 Qxf6 14. b4 Ne6 15. f4 exf4 16. gxf4 Rb8 17. a4 c6 18. b5 c5 19. b6 a6 20. a5 Bd7 21. Nd5 Qf7 22. Rab1 Bc6 23. Rf2 Rbe8 24. Nc3 Bxg2 25. Rxg2 Nd8 26. Nd5 Nc6 27. Kh1 Re6 28. Rbg1 Rg8 29. Qe1 Ne7 30. Nc7 Rh6 31. Qc3 Ng6 32. Rg3 Nf8 33. Ne8 Ng6 34. Nc7 Rh5 35. d4 Qe7 36. Qd3 Nh4 37. Nd5 Qe6 38. Nc7 Qh6 39. Qe2 cxd4 40. exd4 Ng6 41. Nd5 Rh4 42. Rg5 Nxf4 43. Nxf4 Rxf4 44. Rxg7 Qxg7 45. Rxg7 Rxg7 46. h3 Re4 47. Qf3 Rf7 48. c5 d5 49. Kg2 f4 50. Kf2 Rf6 51. Qh5 f3 52. Qxd5 Re2+ 53. Kf1 Re8 54. Kf2 Re2+ 55. Kf1 Re8 56. Qh5 Re7 57. Qh4 Kg7 58. Qf2 Re2 59. Qg3+ Kf7 60. d5 f2 61. Qc7+ Kg6 62. Qg3+ 1/2-1/2

[Event "CZE-chT2F 0910"]
[Site "Czech Republic"]
[Date "2010.02.14"]
[Round "7.5"]
[White "Kocur, Valter"]
[Black "Zvolanek, Libor"]
[Result "1/2-1/2"]
[WhiteElo "2109"]
[BlackElo "2238"]
[PlyCount "42"]
[EventDate "2009.10.18"]
[EventType "team-tourn"]
[EventRounds "11"]
[EventCountry "CZE"]
[SourceTitle "EXT 2012"]
[Source "ChessBase"]
[SourceDate "2011.11.24"]
[SourceVersion "1"]
[SourceVersionDate "2011.11.24"]
[SourceQuality "1"]
[WhiteTeam "Benesov"]
[BlackTeam "Grygov II"]
[WhiteTeamCountry "CZE"]
[BlackTeamCountry "CSR"]

1. c4 g6 2. Nc3 f5 3. e4 d6 4. d4 Bg7 5. Nf3 Nf6 6. e5 dxe5 7. Nxe5 Nbd7 8. f4 0-0 9. Be2 c5 10. d5 Qc7 11. Nxd7 Bxd7 12. 0-0 Ne8 13. Bf3 Nd6 14. Qd3 Rad8 15. Bd2 e5 16. dxe6 Bxe6 17. Nd5 Qf7 18. Bc3 Bxc3 19. Qxc3 Nxc4 20. Qxc4 Bxd5 21. Qxc5 Bxf3 1/2-1/2

[Event "CZE-chT2F 0910"]
[Site "Czech Republic"]
[Date "2010.01.31"]
[Round "6.5"]
[White "Kalivoda, Jiri"]
[Black "Kocur, Valter"]
[Result "1-0"]
[WhiteElo "2138"]
[BlackElo "2109"]
[PlyCount "81"]
[EventDate "2009.10.18"]
[EventType "team-tourn"]
[EventRounds "11"]
[EventCountry "CZE"]
[SourceTitle "EXT 2012"]
[Source "ChessBase"]
[SourceDate "2011.11.24"]
[SourceVersion "1"]
[SourceVersionDate "2011.11.24"]
[SourceQuality "1"]
[WhiteTeam "Dobra"]
[BlackTeam "Benesov"]
[WhiteTeamCountry "CZE"]
[BlackTeamCountry "CZE"]

1. c4 Nf6 2. Nc3 e5 3. e4 Be7 4. g3 0-0 5. Bg2 d6 6. Nge2 Nc6 7. 0-0 Nd4 8. d3 c6 9. h3 Ne8 10. g4 Ne6 11. f4 exf4 12. Nxf4 N8c7 13. Nfe2 Bg5 14. Bxg5 Qxg5 15. Qc1 Qc5+ 16. Kh2 Nd4 17. Nxd4 Qxd4 18. Qd2 Ne6 19. Ne2 Qe5+ 20. Kh1 Nd4 21. Nxd4 Qxd4 22. Qc3 Qe5 23. d4 Qe7 24. Rae1 Bd7 25. e5 dxe5 26. Rxe5 Qd6 27. c5 Qc7 28. Re7 Rae8 29. Qe3 Qd8 30. Rxe8 Rxe8 31. Qb3 Be6 32. Qxb7 Qxd4 33. Bxc6 Rc8 34. Re1 Qd8 35. Bf3 Rxc5 36. Qxa7 Ra5 37. Qb7 Rxa2 38. Rd1 Qf8 39. Qc7 Ra8 40. Bxa8 Qxa8+ 41. Kh2 1-0

[Event "Moravia-Silesia Region-chT 0708"]
[Site "Czech Republic"]
[Date "2008.04.13"]
[Round "11.4"]
[White "Kocur, Valter"]
[Black "Jelinek, Marek"]
[Result "1/2-1/2"]
[WhiteElo "2131"]
[BlackElo "1979"]
[PlyCount "35"]
[EventDate "2007.10.28"]
[EventType "team-tourn"]
[EventRounds "11"]
[EventCountry "CZE"]
[SourceTitle "EXT 2024"]
[Source "ChessBase"]
[SourceDate "2023.10.10"]
[SourceVersion "1"]
[SourceVersionDate "2023.10.10"]
[SourceQuality "1"]

1. c4 Nf6 2. Nc3 d6 3. d4 c6 4. Nf3 Bg4 5. g3 Nbd7 6. Bg2 Qc7 7. 0-0 e5 8. dxe5 dxe5 9. e4 Bb4 10. Qc2 0-0 11. Re1 Rad8 12. Bg5 Rfe8 13. Rad1 h6 14. Bxf6 Nxf6 15. a3 Bxc3 16. Rxd8 Rxd8 17. Qxc3 Bxf3 18. Bxf3 1/2-1/2

[Event "Moravia-Silesia Region-chT 0708"]
[Site "Czech Republic"]
[Date "2008.02.10"]
[Round "7.5"]
[White "Kocur, Valter"]
[Black "Holecek, Vladimir"]
[Result "0-1"]
[WhiteElo "2131"]
[BlackElo "2016"]
[PlyCount "90"]
[EventDate "2007.10.28"]
[EventType "team-tourn"]
[EventRounds "11"]
[EventCountry "CZE"]
[SourceTitle "EXT 2024"]
[Source "ChessBase"]
[SourceDate "2023.10.10"]
[SourceVersion "1"]
[SourceVersionDate "2023.10.10"]
[SourceQuality "1"]

1. c4 c5 2. Nc3 Nc6 3. g3 g6 4. Bg2 Bg7 5. Nf3 Nf6 6. 0-0 0-0 7. d4 d6 8. dxc5 dxc5 9. Be3 Qxd1 10. Rfxd1 Be6 11. Nd5 Rad8 12. Ng5 Bxd5 13. cxd5 Nd4 14. Bxd4 cxd4 15. Rxd4 Rc8 16. Rd2 Rfd8 17. Rad1 b6 18. Nf3 Ne4 19. Rd3 Bxb2 20. Re3 Nc3 21. Rdd3 Nxd5 22. Re4 Bf6 23. Ra4 a5 24. e4 Nc3 25. Rxd8+ Rxd8 26. Rc4 Nxa2 27. Kf1 e6 28. e5 Bg7 29. Nd4 Bf8 30. Ke2 Nb4 31. Be4 Bc5 32. Nb3 a4 33. Nxc5 bxc5 34. Rxc5 a3 35. Ra5 a2 36. Ra7 Kg7 37. h4 h6 38. g4 g5 39. h5 Kf8 40. f3 Rd7 41. Ra8+ Ke7 42. Ke1 f6 43. exf6+ Kxf6 44. Ra5 Rd6 45. Ke2 Ra6 0-1

[Event "Moravia-Silesia Region-chT 0708"]
[Site "Czech Republic"]
[Date "2007.10.28"]
[Round "1.6"]
[White "Sindler, Michal"]
[Black "Kocur, Valter"]
[Result "1-0"]
[WhiteElo "2148"]
[BlackElo "2131"]
[PlyCount "99"]
[EventDate "2007.10.28"]
[EventType "team-tourn"]
[EventRounds "11"]
[EventCountry "CZE"]
[SourceTitle "EXT 2024"]
[Source "ChessBase"]
[SourceDate "2023.10.10"]
[SourceVersion "1"]
[SourceVersionDate "2023.10.10"]
[SourceQuality "1"]

1. e4 c5 2. Nf3 e6 3. b3 Nc6 4. Bb2 Nf6 5. e5 Ng4 6. h3 Nh6 7. Bb5 Be7 8. 0-0 0-0 9. Qe2 d5 10. d4 a6 11. Bd3 Nb4 12. dxc5 Bxc5 13. Ba3 Nxd3 14. Qxd3 Bxa3 15. Nxa3 Qe7 16. Nb1 Nf5 17. Nd4 Nxd4 18. Qxd4 Bd7 19. Nd2 Rac8 20. Qb2 Qb4 21. Nf3 Rc3 22. Rad1 Rfc8 23. Nd4 a5 24. Qc1 a4 25. Rfe1 a3 26. Qd2 Qc5 27. Re3 Rxe3 28. Qxe3 b5 29. Rd3 b4 30. Qg5 h6 31. Qf4 Qe7 32. Rg3 Rc3 33. Rxc3 bxc3 34. Ne2 Qc5 35. Qd4 Qxd4 36. Nxd4 f6 37. f4 g5 38. g3 gxf4 39. gxf4 fxe5 40. fxe5 Kg7 41. Kf2 Kg6 42. Kg3 Bc8 43. Kg4 Ba6 44. h4 Bf1 45. Nxe6 Be2+ 46. Kg3 Bd1 47. Nd4 Bxc2 48. Nxc2 Kf5 49. e6 Kxe6 50. Kf4 1-0